A johannita lovagrend gazdasági tevékenysége a XIV. század közepéig, különös tekintettel Provence területére

Elmentve itt :
Bibliográfiai részletek
Szerző: Zombori István
Dokumentumtípus: Cikk
Megjelent: 1975
Sorozat:Acta Universitatis Szegediensis : acta iuvenum : sectio historica 7
Kulcsszavak:Máltai lovagrend - gazdaságtörténet - Provence - 14. sz.
Tárgyszavak:
Online Access:http://acta.bibl.u-szeged.hu/6090
LEADER 00855nab a2200205 i 4500
001 acta6090
005 20260126131719.0
008 161015s1975 hu o 000 hun d
022 |a 0324-6523 
040 |a SZTE Egyetemi Kiadványok Repozitórium  |b hun 
041 |a hun 
100 1 |a Zombori István 
245 1 2 |a A johannita lovagrend gazdasági tevékenysége a XIV. század közepéig, különös tekintettel Provence területére  |h [elektronikus dokumentum] /  |c  Zombori István 
260 |c 1975 
300 |a 15-28 
490 0 |a Acta Universitatis Szegediensis : acta iuvenum : sectio historica  |v 7 
650 4 |a Bölcsészettudományok 
650 4 |a Történettudomány és régészet 
695 |a Máltai lovagrend - gazdaságtörténet - Provence - 14. sz. 
856 4 0 |u http://acta.bibl.u-szeged.hu/6090/1/iuvenum_historica_007_015-028.pdf  |z Dokumentum-elérés